| 000 | 01183cam a22003497a 4500 | ||
|---|---|---|---|
| 003 | CHAP | ||
| 005 | 20220329141839.0 | ||
| 008 | 971209d1988 de ab r 10110 eng d | ||
| 010 | _a74723 | ||
| 011 | _a75695 | ||
| 020 | _a3528020474 | ||
| 035 | _a85263 | ||
| 040 | _cCHAP | ||
| 082 | 0 | 4 |
_a636.0882 _bT7 v.26 |
| 100 | 0 | 0 |
_aStarkey, Paul _eed. _9109488 |
| 245 | 1 | 0 |
_aAnimal power in farming systems _c/ed. by Paul Starkey and Fadel Ndiamé |
| 260 |
_aBraunschweig, Wiesbaden : _bFriedr. Vieweg & Sohn, _c1988. |
||
| 300 |
_a363 h. : _bilus. ; gráfs. |
||
| 500 | _aFotocopia | ||
| 590 |
_aBATCH-UPD _b10 _c20130110 _lUCH01 _h0603 |
||
| 590 |
_aBATCH-UPD _b10 _c20130410 _lUCH01 _h0245 |
||
| 590 |
_aBATCH-UPD _b10 _c20130914 _lUCH01 _h0336 |
||
| 590 |
_aCONVERSION _b10 _c20130109 _lUCH01 _h1341 |
||
| 650 | 1 | 4 |
_aAnimales de carga. _95878 |
| 650 | 1 | 4 |
_aEnergía animal. _936889 |
| 700 | 0 |
_aNdiamé, Fadel _eed. _980645 |
|
| 711 | 0 |
_aWest Africa Animal Traction Networkshop _n(2: _d1986 : _cFreetown, Sierra Leone) _9121517 |
|
| 901 | _aBK | ||
| 905 | _aLilia Sánchez G. | ||
| 942 | _cLIBRO | ||
| 949 |
_a636.0882 T7 v.26 _bBC _cLIBRO _d33724000581773 _eLIBRO _h92576 _i85263 _kDonaciØn _st |
||
| 999 |
_c74723 _d74723 |
||